<?xml version="1.0" encoding="UTF-8"?>
<record
    xmlns:xsi="http://www.w3.org/2001/XMLSchema-instance"
    xsi:schemaLocation="http://www.loc.gov/MARC21/slim http://www.loc.gov/standards/marcxml/schema/MARC21slim.xsd"
    xmlns="http://www.loc.gov/MARC21/slim">

  <leader>00438nam a22001337a 4500</leader>
  <controlfield tag="008">151229b        xxu||||| |||| 00| 0 eng d</controlfield>
  <datafield tag="082" ind1=" " ind2=" ">
    <subfield code="a">621.483</subfield>
    <subfield code="b">RUS-N 1979</subfield>
  </datafield>
  <datafield tag="100" ind1=" " ind2=" ">
    <subfield code="a">James H. Rust</subfield>
  </datafield>
  <datafield tag="245" ind1=" " ind2=" ">
    <subfield code="a">Nuclear power plant engineering</subfield>
    <subfield code="c">Rust, James H </subfield>
  </datafield>
  <datafield tag="260" ind1=" " ind2=" ">
    <subfield code="a">Buchanan:</subfield>
    <subfield code="b">Haralson Pub. Co,</subfield>
    <subfield code="c">c1979</subfield>
  </datafield>
  <datafield tag="300" ind1=" " ind2=" ">
    <subfield code="a">viii, 504 pages : </subfield>
    <subfield code="b">illustrations ;</subfield>
    <subfield code="c"> 24 cm.</subfield>
  </datafield>
  <datafield tag="650" ind1=" " ind2=" ">
    <subfield code="a"> Nuclear engineering.</subfield>
    <subfield code="v">Nuclear power plants.</subfield>
  </datafield>
  <datafield tag="942" ind1=" " ind2=" ">
    <subfield code="2">ddc</subfield>
    <subfield code="c">BK</subfield>
  </datafield>
  <datafield tag="999" ind1=" " ind2=" ">
    <subfield code="c">355868</subfield>
    <subfield code="d">355868</subfield>
  </datafield>
  <datafield tag="952" ind1=" " ind2=" ">
    <subfield code="0">0</subfield>
    <subfield code="1">0</subfield>
    <subfield code="2">ddc</subfield>
    <subfield code="4">0</subfield>
    <subfield code="7">0</subfield>
    <subfield code="8">NFIC</subfield>
    <subfield code="a">CAS-E</subfield>
    <subfield code="b">CAS-E</subfield>
    <subfield code="c">DISPLAY</subfield>
    <subfield code="d">2015-12-29</subfield>
    <subfield code="e">Iqra</subfield>
    <subfield code="g">27655.00</subfield>
    <subfield code="l">0</subfield>
    <subfield code="o">621.483 RUS-N 1979</subfield>
    <subfield code="p">CAS-E0001081</subfield>
    <subfield code="r">2015-12-29</subfield>
    <subfield code="w">2015-12-29</subfield>
    <subfield code="y">BK</subfield>
  </datafield>
  <datafield tag="952" ind1=" " ind2=" ">
    <subfield code="0">0</subfield>
    <subfield code="1">0</subfield>
    <subfield code="2">ddc</subfield>
    <subfield code="4">0</subfield>
    <subfield code="7">0</subfield>
    <subfield code="8">NFIC</subfield>
    <subfield code="a">CAS-E</subfield>
    <subfield code="b">CAS-E</subfield>
    <subfield code="c">DISPLAY</subfield>
    <subfield code="d">2015-12-29</subfield>
    <subfield code="e">Iqra</subfield>
    <subfield code="g">27655.00</subfield>
    <subfield code="l">0</subfield>
    <subfield code="o">621.483 RUS-N 1979</subfield>
    <subfield code="p">CAS-E0001082</subfield>
    <subfield code="r">2015-12-29</subfield>
    <subfield code="t">C.2</subfield>
    <subfield code="w">2015-12-29</subfield>
    <subfield code="y">BK</subfield>
  </datafield>
</record>
